Minecraft flowers - Statistics

General Stats
  • This quiz has been taken 40 times
  • The average score is 12 of 19
Answer Stats
Answer % Correct
Dandelion
89%
Poppy
89%
Orange tulip
85%
Red Tulip
81%
White Tulip
81%
Lily of the valley
78%
Pink Tulip
78%
Rose Bush
78%
Cornflower
74%
Peony
74%
Sunflower
67%
Allium
59%
Oxeye Daisy
59%
Lilac
56%
Blue Orchid
48%
Azure Bluet
44%
Wither Rose
44%
Crimson Roots
11%
Warped Roots
11%
No matching quizzes found
Score Distribution
Percent of People with Each Score
Percentile by Number Answered
Your Score History
You have not taken this quiz